<?xml version="1.0" encoding="UTF-8"?>
<record
    xmlns:xsi="http://www.w3.org/2001/XMLSchema-instance"
    xsi:schemaLocation="http://www.loc.gov/MARC21/slim http://www.loc.gov/standards/marcxml/schema/MARC21slim.xsd"
    xmlns="http://www.loc.gov/MARC21/slim">

  <leader>00694nam a22002177a 4500</leader>
  <controlfield tag="005">20240710101209.0</controlfield>
  <controlfield tag="008">240710b        sa ||||| |||| 00| 0 eng d</controlfield>
  <datafield tag="020" ind1=" " ind2=" ">
    <subfield code="a">9780241324592</subfield>
  </datafield>
  <datafield tag="040" ind1=" " ind2=" ">
    <subfield code="a">rda</subfield>
    <subfield code="c">3228</subfield>
  </datafield>
  <datafield tag="041" ind1=" " ind2=" ">
    <subfield code="2">E</subfield>
  </datafield>
  <datafield tag="082" ind1=" " ind2=" ">
    <subfield code="a">J 630 HIBB</subfield>
  </datafield>
  <datafield tag="100" ind1=" " ind2=" ">
    <subfield code="a"> Hibbert, Clare</subfield>
    <subfield code="9">90303</subfield>
  </datafield>
  <datafield tag="245" ind1=" " ind2=" ">
    <subfield code="a">I'm a ... farmer/</subfield>
    <subfield code="c">Clare Hibbert</subfield>
  </datafield>
  <datafield tag="260" ind1=" " ind2=" ">
    <subfield code="a">London :</subfield>
    <subfield code="b">Ladybird Books,</subfield>
    <subfield code="c">2017.</subfield>
  </datafield>
  <datafield tag="300" ind1=" " ind2=" ">
    <subfield code="a">32 pages : </subfield>
    <subfield code="b">color illustrations;</subfield>
    <subfield code="c">21cm.</subfield>
  </datafield>
  <datafield tag="490" ind1=" " ind2=" ">
    <subfield code="a">I'm a ...</subfield>
  </datafield>
  <datafield tag="500" ind1=" " ind2=" ">
    <subfield code="a">First published in 2016 as part of another series, When I grow up</subfield>
  </datafield>
  <datafield tag="521" ind1=" " ind2=" ">
    <subfield code="a">Juvenile literature</subfield>
  </datafield>
  <datafield tag="650" ind1=" " ind2=" ">
    <subfield code="a">Farming -- Juvenile literature Occupations -- Juvenile literature</subfield>
    <subfield code="9">187472</subfield>
  </datafield>
  <datafield tag="942" ind1=" " ind2=" ">
    <subfield code="2">ddc</subfield>
    <subfield code="c">BOOK</subfield>
    <subfield code="w">169</subfield>
    <subfield code="x">Boniswa Ngcongolo</subfield>
    <subfield code="y">169</subfield>
    <subfield code="z">Boniswa Ngcongolo</subfield>
  </datafield>
  <datafield tag="999" ind1=" " ind2=" ">
    <subfield code="c">765279</subfield>
    <subfield code="d">765278</subfield>
  </datafield>
  <datafield tag="952" ind1=" " ind2=" ">
    <subfield code="0">0</subfield>
    <subfield code="1">0</subfield>
    <subfield code="2">ddc</subfield>
    <subfield code="4">0</subfield>
    <subfield code="7">0</subfield>
    <subfield code="8">600</subfield>
    <subfield code="a">ERMEL</subfield>
    <subfield code="b">PIETL</subfield>
    <subfield code="c">CHILD</subfield>
    <subfield code="d">2024-07-10</subfield>
    <subfield code="l">0</subfield>
    <subfield code="o">J 630 HIBB</subfield>
    <subfield code="p">3322803176287</subfield>
    <subfield code="r">2024-07-10</subfield>
    <subfield code="w">2024-07-10</subfield>
    <subfield code="y">BOOK</subfield>
  </datafield>
  <datafield tag="952" ind1=" " ind2=" ">
    <subfield code="0">0</subfield>
    <subfield code="1">0</subfield>
    <subfield code="2">ddc</subfield>
    <subfield code="4">0</subfield>
    <subfield code="7">0</subfield>
    <subfield code="8">600</subfield>
    <subfield code="a">BADPL</subfield>
    <subfield code="b">BADPL</subfield>
    <subfield code="c">CHILD</subfield>
    <subfield code="d">2024-07-10</subfield>
    <subfield code="g">85.00</subfield>
    <subfield code="l">0</subfield>
    <subfield code="o">J 630 HIBB</subfield>
    <subfield code="p">3322803175679</subfield>
    <subfield code="r">2024-10-07</subfield>
    <subfield code="w">2024-07-10</subfield>
    <subfield code="y">BOOK</subfield>
  </datafield>
  <datafield tag="952" ind1=" " ind2=" ">
    <subfield code="0">0</subfield>
    <subfield code="1">0</subfield>
    <subfield code="2">ddc</subfield>
    <subfield code="4">0</subfield>
    <subfield code="7">0</subfield>
    <subfield code="8">600</subfield>
    <subfield code="a">ERMEL</subfield>
    <subfield code="b">DRIEL</subfield>
    <subfield code="c">GEN</subfield>
    <subfield code="d">2024-10-08</subfield>
    <subfield code="g">85.00</subfield>
    <subfield code="l">0</subfield>
    <subfield code="o">J 630 HIBB</subfield>
    <subfield code="p">33228031099824</subfield>
    <subfield code="r">2024-10-08</subfield>
    <subfield code="w">2024-10-08</subfield>
    <subfield code="y">BOOK</subfield>
  </datafield>
  <datafield tag="952" ind1=" " ind2=" ">
    <subfield code="0">0</subfield>
    <subfield code="1">0</subfield>
    <subfield code="2">ddc</subfield>
    <subfield code="4">0</subfield>
    <subfield code="7">0</subfield>
    <subfield code="a">LYDEL</subfield>
    <subfield code="b">MPSTL</subfield>
    <subfield code="d">2025-01-28</subfield>
    <subfield code="l">0</subfield>
    <subfield code="o">J 630 HIBB</subfield>
    <subfield code="p">9780241324592</subfield>
    <subfield code="r">2025-01-28</subfield>
    <subfield code="w">2025-01-28</subfield>
    <subfield code="y">BOOK</subfield>
  </datafield>
  <datafield tag="952" ind1=" " ind2=" ">
    <subfield code="0">0</subfield>
    <subfield code="1">0</subfield>
    <subfield code="2">ddc</subfield>
    <subfield code="4">0</subfield>
    <subfield code="7">0</subfield>
    <subfield code="8">600</subfield>
    <subfield code="a">STANRL</subfield>
    <subfield code="b">TRICL</subfield>
    <subfield code="c">CHILD</subfield>
    <subfield code="d">2025-02-26</subfield>
    <subfield code="g">145.20</subfield>
    <subfield code="l">0</subfield>
    <subfield code="o">J 630 HIBB</subfield>
    <subfield code="p">3322803186374</subfield>
    <subfield code="r">2025-02-26</subfield>
    <subfield code="w">2025-02-26</subfield>
    <subfield code="y">BOOK</subfield>
  </datafield>
  <datafield tag="952" ind1=" " ind2=" ">
    <subfield code="0">0</subfield>
    <subfield code="1">0</subfield>
    <subfield code="2">ddc</subfield>
    <subfield code="4">0</subfield>
    <subfield code="7">0</subfield>
    <subfield code="8">600</subfield>
    <subfield code="a">STANRL</subfield>
    <subfield code="b">THISL</subfield>
    <subfield code="c">CHILD</subfield>
    <subfield code="d">2025-02-26</subfield>
    <subfield code="g">145.20</subfield>
    <subfield code="l">0</subfield>
    <subfield code="o">J 630 HIBB</subfield>
    <subfield code="p">3322803186372</subfield>
    <subfield code="r">2025-02-26</subfield>
    <subfield code="w">2025-02-26</subfield>
    <subfield code="y">BOOK</subfield>
  </datafield>
  <datafield tag="952" ind1=" " ind2=" ">
    <subfield code="0">0</subfield>
    <subfield code="1">0</subfield>
    <subfield code="2">ddc</subfield>
    <subfield code="4">0</subfield>
    <subfield code="7">0</subfield>
    <subfield code="8">600</subfield>
    <subfield code="a">STANRL</subfield>
    <subfield code="b">THISL</subfield>
    <subfield code="c">CHILD</subfield>
    <subfield code="d">2025-02-26</subfield>
    <subfield code="g">145.20</subfield>
    <subfield code="l">2</subfield>
    <subfield code="o">J 630 HIBB</subfield>
    <subfield code="p">3322803186373</subfield>
    <subfield code="r">2025-11-25</subfield>
    <subfield code="s">2025-11-21</subfield>
    <subfield code="w">2025-02-26</subfield>
    <subfield code="y">BOOK</subfield>
  </datafield>
  <datafield tag="952" ind1=" " ind2=" ">
    <subfield code="0">0</subfield>
    <subfield code="1">0</subfield>
    <subfield code="2">ddc</subfield>
    <subfield code="4">0</subfield>
    <subfield code="7">0</subfield>
    <subfield code="8">600</subfield>
    <subfield code="a">STANRL</subfield>
    <subfield code="b">EVANL</subfield>
    <subfield code="c">CHILD</subfield>
    <subfield code="d">2025-02-26</subfield>
    <subfield code="g">145.20</subfield>
    <subfield code="l">0</subfield>
    <subfield code="o">J 630 HIBB</subfield>
    <subfield code="p">3322803186353</subfield>
    <subfield code="r">2025-02-26</subfield>
    <subfield code="w">2025-02-26</subfield>
    <subfield code="y">BOOK</subfield>
  </datafield>
  <datafield tag="952" ind1=" " ind2=" ">
    <subfield code="0">0</subfield>
    <subfield code="1">0</subfield>
    <subfield code="2">ddc</subfield>
    <subfield code="4">0</subfield>
    <subfield code="7">0</subfield>
    <subfield code="8">600</subfield>
    <subfield code="a">STANRL</subfield>
    <subfield code="b">EVANL</subfield>
    <subfield code="c">CHILD</subfield>
    <subfield code="d">2025-02-26</subfield>
    <subfield code="g">145.20</subfield>
    <subfield code="l">0</subfield>
    <subfield code="o">J 630 HIBB</subfield>
    <subfield code="p">3322803186354</subfield>
    <subfield code="r">2025-02-26</subfield>
    <subfield code="w">2025-02-26</subfield>
    <subfield code="y">BOOK</subfield>
  </datafield>
  <datafield tag="952" ind1=" " ind2=" ">
    <subfield code="0">0</subfield>
    <subfield code="1">0</subfield>
    <subfield code="2">ddc</subfield>
    <subfield code="4">0</subfield>
    <subfield code="7">0</subfield>
    <subfield code="8">600</subfield>
    <subfield code="a">STANRL</subfield>
    <subfield code="b">LEBOL</subfield>
    <subfield code="c">CHILD</subfield>
    <subfield code="d">2025-02-26</subfield>
    <subfield code="g">145.20</subfield>
    <subfield code="l">0</subfield>
    <subfield code="o">J 630 HIBB</subfield>
    <subfield code="p">3322803186370</subfield>
    <subfield code="r">2025-02-26</subfield>
    <subfield code="w">2025-02-26</subfield>
    <subfield code="y">BOOK</subfield>
  </datafield>
  <datafield tag="952" ind1=" " ind2=" ">
    <subfield code="0">0</subfield>
    <subfield code="1">0</subfield>
    <subfield code="2">ddc</subfield>
    <subfield code="4">0</subfield>
    <subfield code="7">0</subfield>
    <subfield code="8">600</subfield>
    <subfield code="a">STANRL</subfield>
    <subfield code="b">LEBOL</subfield>
    <subfield code="c">CHILD</subfield>
    <subfield code="d">2025-02-26</subfield>
    <subfield code="g">145.20</subfield>
    <subfield code="l">0</subfield>
    <subfield code="o">J 630 HIBB</subfield>
    <subfield code="p">3322803186371</subfield>
    <subfield code="r">2025-02-26</subfield>
    <subfield code="w">2025-02-26</subfield>
    <subfield code="y">BOOK</subfield>
  </datafield>
  <datafield tag="952" ind1=" " ind2=" ">
    <subfield code="0">0</subfield>
    <subfield code="1">0</subfield>
    <subfield code="2">ddc</subfield>
    <subfield code="4">0</subfield>
    <subfield code="7">0</subfield>
    <subfield code="8">600</subfield>
    <subfield code="a">STANRL</subfield>
    <subfield code="b">SECL</subfield>
    <subfield code="c">CHILD</subfield>
    <subfield code="d">2025-02-26</subfield>
    <subfield code="g">145.20</subfield>
    <subfield code="l">0</subfield>
    <subfield code="o">J 630 HIBB</subfield>
    <subfield code="p">3322803186378</subfield>
    <subfield code="r">2025-02-26</subfield>
    <subfield code="w">2025-02-26</subfield>
    <subfield code="y">BOOK</subfield>
  </datafield>
  <datafield tag="952" ind1=" " ind2=" ">
    <subfield code="0">0</subfield>
    <subfield code="1">0</subfield>
    <subfield code="2">ddc</subfield>
    <subfield code="4">0</subfield>
    <subfield code="7">0</subfield>
    <subfield code="8">600</subfield>
    <subfield code="a">STANRL</subfield>
    <subfield code="b">SECL</subfield>
    <subfield code="c">CHILD</subfield>
    <subfield code="d">2025-02-26</subfield>
    <subfield code="g">145.20</subfield>
    <subfield code="l">0</subfield>
    <subfield code="o">J 630 HIBB</subfield>
    <subfield code="p">3322803186355</subfield>
    <subfield code="r">2025-02-26</subfield>
    <subfield code="w">2025-02-26</subfield>
    <subfield code="y">BOOK</subfield>
  </datafield>
  <datafield tag="952" ind1=" " ind2=" ">
    <subfield code="0">0</subfield>
    <subfield code="1">0</subfield>
    <subfield code="2">ddc</subfield>
    <subfield code="4">0</subfield>
    <subfield code="7">0</subfield>
    <subfield code="8">600</subfield>
    <subfield code="a">STANRL</subfield>
    <subfield code="b">EMBAL</subfield>
    <subfield code="c">CHILD</subfield>
    <subfield code="d">2025-02-26</subfield>
    <subfield code="g">145.20</subfield>
    <subfield code="l">0</subfield>
    <subfield code="o">J 630 HIBB</subfield>
    <subfield code="p">3322803186349</subfield>
    <subfield code="r">2025-02-26</subfield>
    <subfield code="w">2025-02-26</subfield>
    <subfield code="y">BOOK</subfield>
  </datafield>
  <datafield tag="952" ind1=" " ind2=" ">
    <subfield code="0">0</subfield>
    <subfield code="1">0</subfield>
    <subfield code="2">ddc</subfield>
    <subfield code="4">0</subfield>
    <subfield code="7">0</subfield>
    <subfield code="8">600</subfield>
    <subfield code="a">STANRL</subfield>
    <subfield code="b">EMBAL</subfield>
    <subfield code="c">CHILD</subfield>
    <subfield code="d">2025-02-26</subfield>
    <subfield code="g">145.20</subfield>
    <subfield code="l">0</subfield>
    <subfield code="o">J 630 HIBB</subfield>
    <subfield code="p">3322803186350</subfield>
    <subfield code="r">2025-02-26</subfield>
    <subfield code="w">2025-02-26</subfield>
    <subfield code="y">BOOK</subfield>
  </datafield>
  <datafield tag="952" ind1=" " ind2=" ">
    <subfield code="0">0</subfield>
    <subfield code="1">0</subfield>
    <subfield code="2">ddc</subfield>
    <subfield code="4">0</subfield>
    <subfield code="7">0</subfield>
    <subfield code="8">600</subfield>
    <subfield code="a">STANRL</subfield>
    <subfield code="b">MILAL</subfield>
    <subfield code="c">CHILD</subfield>
    <subfield code="d">2025-02-26</subfield>
    <subfield code="g">145.20</subfield>
    <subfield code="l">0</subfield>
    <subfield code="o">J 630 HIBB</subfield>
    <subfield code="p">3322803186361</subfield>
    <subfield code="r">2025-02-26</subfield>
    <subfield code="w">2025-02-26</subfield>
    <subfield code="y">BOOK</subfield>
  </datafield>
  <datafield tag="952" ind1=" " ind2=" ">
    <subfield code="0">0</subfield>
    <subfield code="1">0</subfield>
    <subfield code="2">ddc</subfield>
    <subfield code="4">0</subfield>
    <subfield code="7">0</subfield>
    <subfield code="8">600</subfield>
    <subfield code="a">STANRL</subfield>
    <subfield code="b">MILAL</subfield>
    <subfield code="c">CHILD</subfield>
    <subfield code="d">2025-02-26</subfield>
    <subfield code="g">145.20</subfield>
    <subfield code="l">0</subfield>
    <subfield code="o">J 630 HIBB</subfield>
    <subfield code="p">3322803186351</subfield>
    <subfield code="r">2025-02-26</subfield>
    <subfield code="w">2025-02-26</subfield>
    <subfield code="y">BOOK</subfield>
  </datafield>
  <datafield tag="952" ind1=" " ind2=" ">
    <subfield code="0">0</subfield>
    <subfield code="1">0</subfield>
    <subfield code="2">ddc</subfield>
    <subfield code="4">0</subfield>
    <subfield code="7">0</subfield>
    <subfield code="8">600</subfield>
    <subfield code="a">STANRL</subfield>
    <subfield code="b">KINRL</subfield>
    <subfield code="c">CHILD</subfield>
    <subfield code="d">2025-02-26</subfield>
    <subfield code="g">145.20</subfield>
    <subfield code="l">0</subfield>
    <subfield code="o">J 630 HIBB</subfield>
    <subfield code="p">3322803186367</subfield>
    <subfield code="r">2025-02-26</subfield>
    <subfield code="w">2025-02-26</subfield>
    <subfield code="y">BOOK</subfield>
  </datafield>
  <datafield tag="952" ind1=" " ind2=" ">
    <subfield code="0">0</subfield>
    <subfield code="1">0</subfield>
    <subfield code="2">ddc</subfield>
    <subfield code="4">0</subfield>
    <subfield code="7">0</subfield>
    <subfield code="8">600</subfield>
    <subfield code="a">STANRL</subfield>
    <subfield code="b">KINRL</subfield>
    <subfield code="c">CHILD</subfield>
    <subfield code="d">2025-02-26</subfield>
    <subfield code="g">145.20</subfield>
    <subfield code="l">0</subfield>
    <subfield code="o">J 630 HIBB</subfield>
    <subfield code="p">3322803186368</subfield>
    <subfield code="r">2025-02-26</subfield>
    <subfield code="w">2025-02-26</subfield>
    <subfield code="y">BOOK</subfield>
  </datafield>
  <datafield tag="952" ind1=" " ind2=" ">
    <subfield code="0">0</subfield>
    <subfield code="1">0</subfield>
    <subfield code="2">ddc</subfield>
    <subfield code="4">0</subfield>
    <subfield code="7">0</subfield>
    <subfield code="8">600</subfield>
    <subfield code="a">STANRL</subfield>
    <subfield code="b">BETHL</subfield>
    <subfield code="c">CHILD</subfield>
    <subfield code="d">2025-02-26</subfield>
    <subfield code="g">145.20</subfield>
    <subfield code="l">0</subfield>
    <subfield code="o">J 630 HIBB</subfield>
    <subfield code="p">3322803186365</subfield>
    <subfield code="r">2025-02-26</subfield>
    <subfield code="w">2025-02-26</subfield>
    <subfield code="y">BOOK</subfield>
  </datafield>
  <datafield tag="952" ind1=" " ind2=" ">
    <subfield code="0">0</subfield>
    <subfield code="1">0</subfield>
    <subfield code="2">ddc</subfield>
    <subfield code="4">0</subfield>
    <subfield code="7">0</subfield>
    <subfield code="8">600</subfield>
    <subfield code="a">STANRL</subfield>
    <subfield code="b">BETHL</subfield>
    <subfield code="c">CHILD</subfield>
    <subfield code="d">2025-02-26</subfield>
    <subfield code="g">145.20</subfield>
    <subfield code="l">0</subfield>
    <subfield code="o">J 630 HIBB</subfield>
    <subfield code="p">3322803186366</subfield>
    <subfield code="r">2025-02-26</subfield>
    <subfield code="w">2025-02-26</subfield>
    <subfield code="y">BOOK</subfield>
  </datafield>
  <datafield tag="952" ind1=" " ind2=" ">
    <subfield code="0">0</subfield>
    <subfield code="1">0</subfield>
    <subfield code="2">ddc</subfield>
    <subfield code="4">0</subfield>
    <subfield code="7">0</subfield>
    <subfield code="8">600</subfield>
    <subfield code="a">STANRL</subfield>
    <subfield code="b">Leanl</subfield>
    <subfield code="c">CHILD</subfield>
    <subfield code="d">2025-02-26</subfield>
    <subfield code="g">145.20</subfield>
    <subfield code="l">0</subfield>
    <subfield code="o">J 630 HIBB</subfield>
    <subfield code="p">3322803186356</subfield>
    <subfield code="r">2025-02-26</subfield>
    <subfield code="w">2025-02-26</subfield>
    <subfield code="y">BOOK</subfield>
  </datafield>
  <datafield tag="952" ind1=" " ind2=" ">
    <subfield code="0">0</subfield>
    <subfield code="1">0</subfield>
    <subfield code="2">ddc</subfield>
    <subfield code="4">0</subfield>
    <subfield code="7">0</subfield>
    <subfield code="8">600</subfield>
    <subfield code="a">STANRL</subfield>
    <subfield code="b">Leanl</subfield>
    <subfield code="c">CHILD</subfield>
    <subfield code="d">2025-02-26</subfield>
    <subfield code="g">145.20</subfield>
    <subfield code="l">0</subfield>
    <subfield code="o">J 630 HIBB</subfield>
    <subfield code="p">3322803186357</subfield>
    <subfield code="r">2025-02-26</subfield>
    <subfield code="w">2025-02-26</subfield>
    <subfield code="y">BOOK</subfield>
  </datafield>
  <datafield tag="952" ind1=" " ind2=" ">
    <subfield code="0">0</subfield>
    <subfield code="1">0</subfield>
    <subfield code="2">ddc</subfield>
    <subfield code="4">0</subfield>
    <subfield code="7">0</subfield>
    <subfield code="8">600</subfield>
    <subfield code="a">STANRL</subfield>
    <subfield code="b">STAND</subfield>
    <subfield code="c">CHILD</subfield>
    <subfield code="d">2025-02-26</subfield>
    <subfield code="g">145.20</subfield>
    <subfield code="l">0</subfield>
    <subfield code="o">J 630 HIBB</subfield>
    <subfield code="p">3322803186348</subfield>
    <subfield code="r">2025-02-26</subfield>
    <subfield code="w">2025-02-26</subfield>
    <subfield code="y">BOOK</subfield>
  </datafield>
  <datafield tag="952" ind1=" " ind2=" ">
    <subfield code="0">0</subfield>
    <subfield code="1">0</subfield>
    <subfield code="2">ddc</subfield>
    <subfield code="4">0</subfield>
    <subfield code="7">0</subfield>
    <subfield code="8">600</subfield>
    <subfield code="a">STANRL</subfield>
    <subfield code="b">STAND</subfield>
    <subfield code="c">CHILD</subfield>
    <subfield code="d">2025-02-26</subfield>
    <subfield code="g">145.20</subfield>
    <subfield code="l">0</subfield>
    <subfield code="o">J 630 HIBB</subfield>
    <subfield code="p">3322803186347</subfield>
    <subfield code="r">2025-02-26</subfield>
    <subfield code="w">2025-02-26</subfield>
    <subfield code="y">BOOK</subfield>
  </datafield>
  <datafield tag="952" ind1=" " ind2=" ">
    <subfield code="0">0</subfield>
    <subfield code="1">0</subfield>
    <subfield code="2">ddc</subfield>
    <subfield code="4">0</subfield>
    <subfield code="7">0</subfield>
    <subfield code="8">600</subfield>
    <subfield code="a">STANRL</subfield>
    <subfield code="b">DAGGL</subfield>
    <subfield code="c">CHILD</subfield>
    <subfield code="d">2025-02-26</subfield>
    <subfield code="g">145.20</subfield>
    <subfield code="l">0</subfield>
    <subfield code="o">J 630 HIBB</subfield>
    <subfield code="p">3322803186345</subfield>
    <subfield code="r">2025-02-26</subfield>
    <subfield code="w">2025-02-26</subfield>
    <subfield code="y">BOOK</subfield>
  </datafield>
  <datafield tag="952" ind1=" " ind2=" ">
    <subfield code="0">0</subfield>
    <subfield code="1">0</subfield>
    <subfield code="2">ddc</subfield>
    <subfield code="4">0</subfield>
    <subfield code="7">0</subfield>
    <subfield code="8">600</subfield>
    <subfield code="a">STANRL</subfield>
    <subfield code="b">DAGGL</subfield>
    <subfield code="c">CHILD</subfield>
    <subfield code="d">2025-02-26</subfield>
    <subfield code="g">145.20</subfield>
    <subfield code="l">0</subfield>
    <subfield code="o">J 630 HIBB</subfield>
    <subfield code="p">3322803186369</subfield>
    <subfield code="r">2025-02-26</subfield>
    <subfield code="w">2025-02-26</subfield>
    <subfield code="y">BOOK</subfield>
  </datafield>
  <datafield tag="952" ind1=" " ind2=" ">
    <subfield code="0">0</subfield>
    <subfield code="1">0</subfield>
    <subfield code="2">ddc</subfield>
    <subfield code="4">0</subfield>
    <subfield code="7">0</subfield>
    <subfield code="8">600</subfield>
    <subfield code="a">STANRL</subfield>
    <subfield code="b">VUKU</subfield>
    <subfield code="c">CHILD</subfield>
    <subfield code="d">2025-02-26</subfield>
    <subfield code="g">145.20</subfield>
    <subfield code="l">0</subfield>
    <subfield code="o">J 630 HIBB</subfield>
    <subfield code="p">3322803186352</subfield>
    <subfield code="r">2025-02-26</subfield>
    <subfield code="w">2025-02-26</subfield>
    <subfield code="y">BOOK</subfield>
  </datafield>
  <datafield tag="952" ind1=" " ind2=" ">
    <subfield code="0">0</subfield>
    <subfield code="1">0</subfield>
    <subfield code="2">ddc</subfield>
    <subfield code="4">0</subfield>
    <subfield code="7">0</subfield>
    <subfield code="8">600</subfield>
    <subfield code="a">STANRL</subfield>
    <subfield code="b">VUKU</subfield>
    <subfield code="c">CHILD</subfield>
    <subfield code="d">2025-02-26</subfield>
    <subfield code="g">145.20</subfield>
    <subfield code="l">0</subfield>
    <subfield code="o">J 630 HIBB</subfield>
    <subfield code="p">3322803186346</subfield>
    <subfield code="r">2025-02-26</subfield>
    <subfield code="w">2025-02-26</subfield>
    <subfield code="y">BOOK</subfield>
  </datafield>
  <datafield tag="952" ind1=" " ind2=" ">
    <subfield code="0">0</subfield>
    <subfield code="1">0</subfield>
    <subfield code="2">ddc</subfield>
    <subfield code="4">0</subfield>
    <subfield code="7">0</subfield>
    <subfield code="8">600</subfield>
    <subfield code="a">STANRL</subfield>
    <subfield code="b">THUTL</subfield>
    <subfield code="c">CHILD</subfield>
    <subfield code="d">2025-02-26</subfield>
    <subfield code="g">145.20</subfield>
    <subfield code="l">0</subfield>
    <subfield code="o">J 630 HIBB</subfield>
    <subfield code="p">3322803186343</subfield>
    <subfield code="r">2025-02-26</subfield>
    <subfield code="w">2025-02-26</subfield>
    <subfield code="y">BOOK</subfield>
  </datafield>
  <datafield tag="952" ind1=" " ind2=" ">
    <subfield code="0">0</subfield>
    <subfield code="1">0</subfield>
    <subfield code="2">ddc</subfield>
    <subfield code="4">0</subfield>
    <subfield code="7">0</subfield>
    <subfield code="8">600</subfield>
    <subfield code="a">STANRL</subfield>
    <subfield code="b">THUTL</subfield>
    <subfield code="c">CHILD</subfield>
    <subfield code="d">2025-02-26</subfield>
    <subfield code="g">145.20</subfield>
    <subfield code="l">0</subfield>
    <subfield code="o">J 630 HIBB</subfield>
    <subfield code="p">3322803186344</subfield>
    <subfield code="r">2025-02-26</subfield>
    <subfield code="w">2025-02-26</subfield>
    <subfield code="y">BOOK</subfield>
  </datafield>
  <datafield tag="952" ind1=" " ind2=" ">
    <subfield code="0">0</subfield>
    <subfield code="1">0</subfield>
    <subfield code="2">ddc</subfield>
    <subfield code="4">0</subfield>
    <subfield code="7">0</subfield>
    <subfield code="8">600</subfield>
    <subfield code="a">STANRL</subfield>
    <subfield code="b">VOLKL</subfield>
    <subfield code="c">CHILD</subfield>
    <subfield code="d">2025-02-26</subfield>
    <subfield code="g">145.20</subfield>
    <subfield code="l">0</subfield>
    <subfield code="o">J 630 HIBB</subfield>
    <subfield code="p">3322803186397</subfield>
    <subfield code="r">2025-02-26</subfield>
    <subfield code="w">2025-02-26</subfield>
    <subfield code="y">BOOK</subfield>
  </datafield>
  <datafield tag="952" ind1=" " ind2=" ">
    <subfield code="0">0</subfield>
    <subfield code="1">0</subfield>
    <subfield code="2">ddc</subfield>
    <subfield code="4">0</subfield>
    <subfield code="7">0</subfield>
    <subfield code="8">600</subfield>
    <subfield code="a">STANRL</subfield>
    <subfield code="b">VOLKL</subfield>
    <subfield code="c">CHILD</subfield>
    <subfield code="d">2025-02-26</subfield>
    <subfield code="g">145.20</subfield>
    <subfield code="l">0</subfield>
    <subfield code="o">J 630 HIBB</subfield>
    <subfield code="p">3322803186387</subfield>
    <subfield code="r">2025-02-26</subfield>
    <subfield code="w">2025-02-26</subfield>
    <subfield code="y">BOOK</subfield>
  </datafield>
  <datafield tag="952" ind1=" " ind2=" ">
    <subfield code="0">0</subfield>
    <subfield code="1">0</subfield>
    <subfield code="2">ddc</subfield>
    <subfield code="4">0</subfield>
    <subfield code="7">0</subfield>
    <subfield code="8">600</subfield>
    <subfield code="a">STANRL</subfield>
    <subfield code="b">wakk</subfield>
    <subfield code="c">CHILD</subfield>
    <subfield code="d">2025-02-26</subfield>
    <subfield code="g">145.20</subfield>
    <subfield code="l">0</subfield>
    <subfield code="o">J 630 HIBB</subfield>
    <subfield code="p">3322803186377</subfield>
    <subfield code="r">2025-02-26</subfield>
    <subfield code="w">2025-02-26</subfield>
    <subfield code="y">BOOK</subfield>
  </datafield>
  <datafield tag="952" ind1=" " ind2=" ">
    <subfield code="0">0</subfield>
    <subfield code="1">0</subfield>
    <subfield code="2">ddc</subfield>
    <subfield code="4">0</subfield>
    <subfield code="7">0</subfield>
    <subfield code="8">600</subfield>
    <subfield code="a">STANRL</subfield>
    <subfield code="b">wakk</subfield>
    <subfield code="c">CHILD</subfield>
    <subfield code="d">2025-02-26</subfield>
    <subfield code="g">145.20</subfield>
    <subfield code="l">0</subfield>
    <subfield code="o">J 630 HIBB</subfield>
    <subfield code="p">3322803186376</subfield>
    <subfield code="r">2025-02-26</subfield>
    <subfield code="w">2025-02-26</subfield>
    <subfield code="y">BOOK</subfield>
  </datafield>
  <datafield tag="952" ind1=" " ind2=" ">
    <subfield code="0">0</subfield>
    <subfield code="1">0</subfield>
    <subfield code="2">ddc</subfield>
    <subfield code="4">0</subfield>
    <subfield code="7">0</subfield>
    <subfield code="8">600</subfield>
    <subfield code="a">STANRL</subfield>
    <subfield code="b">GROOL</subfield>
    <subfield code="c">CHILD</subfield>
    <subfield code="d">2025-02-26</subfield>
    <subfield code="g">145.20</subfield>
    <subfield code="l">0</subfield>
    <subfield code="o">J 630 HIBB</subfield>
    <subfield code="p">3322803186363</subfield>
    <subfield code="r">2025-02-26</subfield>
    <subfield code="w">2025-02-26</subfield>
    <subfield code="y">BOOK</subfield>
  </datafield>
  <datafield tag="952" ind1=" " ind2=" ">
    <subfield code="0">0</subfield>
    <subfield code="1">0</subfield>
    <subfield code="2">ddc</subfield>
    <subfield code="4">0</subfield>
    <subfield code="7">0</subfield>
    <subfield code="8">600</subfield>
    <subfield code="a">STANRL</subfield>
    <subfield code="b">GROOL</subfield>
    <subfield code="c">CHILD</subfield>
    <subfield code="d">2025-02-26</subfield>
    <subfield code="g">145.20</subfield>
    <subfield code="l">0</subfield>
    <subfield code="o">J 630 HIBB</subfield>
    <subfield code="p">3322803186375</subfield>
    <subfield code="r">2025-02-26</subfield>
    <subfield code="w">2025-02-26</subfield>
    <subfield code="y">BOOK</subfield>
  </datafield>
  <datafield tag="952" ind1=" " ind2=" ">
    <subfield code="0">0</subfield>
    <subfield code="1">0</subfield>
    <subfield code="2">ddc</subfield>
    <subfield code="4">0</subfield>
    <subfield code="7">0</subfield>
    <subfield code="8">600</subfield>
    <subfield code="a">STANRL</subfield>
    <subfield code="b">MORGL</subfield>
    <subfield code="c">CHILD</subfield>
    <subfield code="d">2025-02-26</subfield>
    <subfield code="g">145.20</subfield>
    <subfield code="l">0</subfield>
    <subfield code="o">J 630 HIBB</subfield>
    <subfield code="p">3322803186340</subfield>
    <subfield code="r">2025-02-26</subfield>
    <subfield code="w">2025-02-26</subfield>
    <subfield code="y">BOOK</subfield>
  </datafield>
  <datafield tag="952" ind1=" " ind2=" ">
    <subfield code="0">0</subfield>
    <subfield code="1">0</subfield>
    <subfield code="2">ddc</subfield>
    <subfield code="4">0</subfield>
    <subfield code="7">0</subfield>
    <subfield code="8">600</subfield>
    <subfield code="a">STANRL</subfield>
    <subfield code="b">MORGL</subfield>
    <subfield code="c">CHILD</subfield>
    <subfield code="d">2025-02-26</subfield>
    <subfield code="g">145.20</subfield>
    <subfield code="l">0</subfield>
    <subfield code="o">J 630 HIBB</subfield>
    <subfield code="p">3322803186339</subfield>
    <subfield code="r">2025-02-26</subfield>
    <subfield code="w">2025-02-26</subfield>
    <subfield code="y">BOOK</subfield>
  </datafield>
  <datafield tag="952" ind1=" " ind2=" ">
    <subfield code="0">0</subfield>
    <subfield code="1">0</subfield>
    <subfield code="2">ddc</subfield>
    <subfield code="4">0</subfield>
    <subfield code="7">0</subfield>
    <subfield code="8">600</subfield>
    <subfield code="a">STANL</subfield>
    <subfield code="b">STANL</subfield>
    <subfield code="c">CHILD</subfield>
    <subfield code="d">2025-02-26</subfield>
    <subfield code="g">145.20</subfield>
    <subfield code="o">J 630 HIBB</subfield>
    <subfield code="p">3322803186342</subfield>
    <subfield code="r">2025-02-26</subfield>
    <subfield code="v">145.20</subfield>
    <subfield code="w">2025-02-26</subfield>
    <subfield code="y">BOOK</subfield>
  </datafield>
  <datafield tag="952" ind1=" " ind2=" ">
    <subfield code="0">0</subfield>
    <subfield code="1">0</subfield>
    <subfield code="2">ddc</subfield>
    <subfield code="4">0</subfield>
    <subfield code="7">0</subfield>
    <subfield code="8">600</subfield>
    <subfield code="a">STANL</subfield>
    <subfield code="b">STANL</subfield>
    <subfield code="c">CHILD</subfield>
    <subfield code="d">2025-02-26</subfield>
    <subfield code="g">145.20</subfield>
    <subfield code="o">J 630 HIBB</subfield>
    <subfield code="p">3322803186341</subfield>
    <subfield code="r">2025-02-26</subfield>
    <subfield code="v">145.20</subfield>
    <subfield code="w">2025-02-26</subfield>
    <subfield code="y">BOOK</subfield>
  </datafield>
  <datafield tag="952" ind1=" " ind2=" ">
    <subfield code="0">0</subfield>
    <subfield code="1">0</subfield>
    <subfield code="2">ddc</subfield>
    <subfield code="4">0</subfield>
    <subfield code="7">0</subfield>
    <subfield code="8">600</subfield>
    <subfield code="a">STANRL</subfield>
    <subfield code="b">SAKHL</subfield>
    <subfield code="c">CHILD</subfield>
    <subfield code="d">2025-02-26</subfield>
    <subfield code="g">145.20</subfield>
    <subfield code="l">0</subfield>
    <subfield code="o">J 630 HIBB</subfield>
    <subfield code="p">3322803186399</subfield>
    <subfield code="r">2025-02-26</subfield>
    <subfield code="w">2025-02-26</subfield>
    <subfield code="y">BOOK</subfield>
  </datafield>
  <datafield tag="952" ind1=" " ind2=" ">
    <subfield code="0">0</subfield>
    <subfield code="1">0</subfield>
    <subfield code="2">ddc</subfield>
    <subfield code="4">0</subfield>
    <subfield code="7">0</subfield>
    <subfield code="8">600</subfield>
    <subfield code="a">STANRL</subfield>
    <subfield code="b">SAKHL</subfield>
    <subfield code="c">CHILD</subfield>
    <subfield code="d">2025-02-26</subfield>
    <subfield code="g">145.20</subfield>
    <subfield code="l">0</subfield>
    <subfield code="o">J 630 HIBB</subfield>
    <subfield code="p">3322803186388</subfield>
    <subfield code="r">2025-02-26</subfield>
    <subfield code="w">2025-02-26</subfield>
    <subfield code="y">BOOK</subfield>
  </datafield>
  <datafield tag="952" ind1=" " ind2=" ">
    <subfield code="0">0</subfield>
    <subfield code="1">0</subfield>
    <subfield code="2">ddc</subfield>
    <subfield code="4">0</subfield>
    <subfield code="7">0</subfield>
    <subfield code="8">600</subfield>
    <subfield code="a">STANRL</subfield>
    <subfield code="b">PERD</subfield>
    <subfield code="c">CHILD</subfield>
    <subfield code="d">2025-02-26</subfield>
    <subfield code="g">145.20</subfield>
    <subfield code="l">0</subfield>
    <subfield code="o">J 630 HIBB</subfield>
    <subfield code="p">3322803186364</subfield>
    <subfield code="r">2025-02-26</subfield>
    <subfield code="w">2025-02-26</subfield>
    <subfield code="y">BOOK</subfield>
  </datafield>
  <datafield tag="952" ind1=" " ind2=" ">
    <subfield code="0">0</subfield>
    <subfield code="1">0</subfield>
    <subfield code="2">ddc</subfield>
    <subfield code="4">0</subfield>
    <subfield code="7">0</subfield>
    <subfield code="8">600</subfield>
    <subfield code="a">STANRL</subfield>
    <subfield code="b">PERD</subfield>
    <subfield code="c">CHILD</subfield>
    <subfield code="d">2025-02-26</subfield>
    <subfield code="g">145.20</subfield>
    <subfield code="l">0</subfield>
    <subfield code="o">J 630 HIBB</subfield>
    <subfield code="p">3322803186400</subfield>
    <subfield code="r">2025-02-26</subfield>
    <subfield code="w">2025-02-26</subfield>
    <subfield code="y">BOOK</subfield>
  </datafield>
  <datafield tag="952" ind1=" " ind2=" ">
    <subfield code="0">0</subfield>
    <subfield code="1">0</subfield>
    <subfield code="2">ddc</subfield>
    <subfield code="4">0</subfield>
    <subfield code="7">0</subfield>
    <subfield code="8">600</subfield>
    <subfield code="a">STANRL</subfield>
    <subfield code="b">BALFL</subfield>
    <subfield code="c">CHILD</subfield>
    <subfield code="d">2025-02-26</subfield>
    <subfield code="g">145.20</subfield>
    <subfield code="l">0</subfield>
    <subfield code="o">J 630 HIBB</subfield>
    <subfield code="p">3322803186359</subfield>
    <subfield code="r">2025-02-26</subfield>
    <subfield code="w">2025-02-26</subfield>
    <subfield code="y">BOOK</subfield>
  </datafield>
  <datafield tag="952" ind1=" " ind2=" ">
    <subfield code="0">0</subfield>
    <subfield code="1">0</subfield>
    <subfield code="2">ddc</subfield>
    <subfield code="4">0</subfield>
    <subfield code="7">0</subfield>
    <subfield code="8">600</subfield>
    <subfield code="a">STANRL</subfield>
    <subfield code="b">BALFL</subfield>
    <subfield code="c">CHILD</subfield>
    <subfield code="d">2025-02-26</subfield>
    <subfield code="g">145.20</subfield>
    <subfield code="l">0</subfield>
    <subfield code="o">J 630 HIBB</subfield>
    <subfield code="p">3322803186358</subfield>
    <subfield code="r">2025-02-26</subfield>
    <subfield code="w">2025-02-26</subfield>
    <subfield code="y">BOOK</subfield>
  </datafield>
  <datafield tag="952" ind1=" " ind2=" ">
    <subfield code="0">0</subfield>
    <subfield code="1">0</subfield>
    <subfield code="2">ddc</subfield>
    <subfield code="4">0</subfield>
    <subfield code="7">0</subfield>
    <subfield code="8">600</subfield>
    <subfield code="a">STANRL</subfield>
    <subfield code="b">NTHOL</subfield>
    <subfield code="c">CHILD</subfield>
    <subfield code="d">2025-02-26</subfield>
    <subfield code="g">145.20</subfield>
    <subfield code="l">0</subfield>
    <subfield code="o">J 630 HIBB</subfield>
    <subfield code="p">3322803186362</subfield>
    <subfield code="r">2025-02-26</subfield>
    <subfield code="w">2025-02-26</subfield>
    <subfield code="y">BOOK</subfield>
  </datafield>
  <datafield tag="952" ind1=" " ind2=" ">
    <subfield code="0">0</subfield>
    <subfield code="1">0</subfield>
    <subfield code="2">ddc</subfield>
    <subfield code="4">0</subfield>
    <subfield code="7">0</subfield>
    <subfield code="8">600</subfield>
    <subfield code="a">STANRL</subfield>
    <subfield code="b">NTHOL</subfield>
    <subfield code="c">CHILD</subfield>
    <subfield code="d">2025-02-26</subfield>
    <subfield code="g">145.20</subfield>
    <subfield code="l">0</subfield>
    <subfield code="o">J 630 HIBB</subfield>
    <subfield code="p">3322803186360</subfield>
    <subfield code="r">2025-02-26</subfield>
    <subfield code="w">2025-02-26</subfield>
    <subfield code="y">BOOK</subfield>
  </datafield>
  <datafield tag="952" ind1=" " ind2=" ">
    <subfield code="0">0</subfield>
    <subfield code="1">0</subfield>
    <subfield code="2">ddc</subfield>
    <subfield code="4">0</subfield>
    <subfield code="7">0</subfield>
    <subfield code="8">600</subfield>
    <subfield code="a">STANRL</subfield>
    <subfield code="b">amer</subfield>
    <subfield code="c">CHILD</subfield>
    <subfield code="d">2025-02-26</subfield>
    <subfield code="g">145.20</subfield>
    <subfield code="l">0</subfield>
    <subfield code="o">J 630 HIBB</subfield>
    <subfield code="p">3322803186398</subfield>
    <subfield code="r">2025-02-26</subfield>
    <subfield code="w">2025-02-26</subfield>
    <subfield code="y">BOOK</subfield>
  </datafield>
  <datafield tag="952" ind1=" " ind2=" ">
    <subfield code="0">0</subfield>
    <subfield code="1">0</subfield>
    <subfield code="2">ddc</subfield>
    <subfield code="4">0</subfield>
    <subfield code="7">0</subfield>
    <subfield code="8">600</subfield>
    <subfield code="a">STANRL</subfield>
    <subfield code="b">amer</subfield>
    <subfield code="c">CHILD</subfield>
    <subfield code="d">2025-02-26</subfield>
    <subfield code="g">145.20</subfield>
    <subfield code="l">0</subfield>
    <subfield code="o">J 630 HIBB</subfield>
    <subfield code="p">3322803186385</subfield>
    <subfield code="r">2025-02-26</subfield>
    <subfield code="w">2025-02-26</subfield>
    <subfield code="y">BOOK</subfield>
  </datafield>
  <datafield tag="952" ind1=" " ind2=" ">
    <subfield code="0">0</subfield>
    <subfield code="1">0</subfield>
    <subfield code="2">ddc</subfield>
    <subfield code="4">0</subfield>
    <subfield code="7">0</subfield>
    <subfield code="a">LYDEL</subfield>
    <subfield code="b">LEROL</subfield>
    <subfield code="d">2025-05-08</subfield>
    <subfield code="l">0</subfield>
    <subfield code="o">J 630 HIBB</subfield>
    <subfield code="p">3322803185078</subfield>
    <subfield code="r">2025-05-08</subfield>
    <subfield code="w">2025-05-08</subfield>
    <subfield code="y">BOOK</subfield>
  </datafield>
  <datafield tag="952" ind1=" " ind2=" ">
    <subfield code="0">0</subfield>
    <subfield code="1">0</subfield>
    <subfield code="2">ddc</subfield>
    <subfield code="4">0</subfield>
    <subfield code="7">0</subfield>
    <subfield code="a">LYDEL</subfield>
    <subfield code="b">MASHML</subfield>
    <subfield code="d">2025-05-29</subfield>
    <subfield code="l">0</subfield>
    <subfield code="o">J 630 HIBB</subfield>
    <subfield code="p">3228200024669</subfield>
    <subfield code="r">2025-05-29</subfield>
    <subfield code="w">2025-05-29</subfield>
    <subfield code="y">BOOK</subfield>
  </datafield>
  <datafield tag="952" ind1=" " ind2=" ">
    <subfield code="0">0</subfield>
    <subfield code="1">0</subfield>
    <subfield code="2">ddc</subfield>
    <subfield code="4">0</subfield>
    <subfield code="7">0</subfield>
    <subfield code="a">MASHML</subfield>
    <subfield code="b">MASHML</subfield>
    <subfield code="d">2025-08-15</subfield>
    <subfield code="l">0</subfield>
    <subfield code="o">J 630 HIBB</subfield>
    <subfield code="p">3322803184828</subfield>
    <subfield code="r">2025-08-15</subfield>
    <subfield code="w">2025-08-15</subfield>
    <subfield code="y">BOOK</subfield>
  </datafield>
  <datafield tag="952" ind1=" " ind2=" ">
    <subfield code="0">0</subfield>
    <subfield code="1">0</subfield>
    <subfield code="2">ddc</subfield>
    <subfield code="4">0</subfield>
    <subfield code="7">0</subfield>
    <subfield code="8">600</subfield>
    <subfield code="a">MBOMRL</subfield>
    <subfield code="b">MASOL</subfield>
    <subfield code="c">Non_Fiction</subfield>
    <subfield code="d">2025-10-14</subfield>
    <subfield code="g">145.20</subfield>
    <subfield code="o">J 630 HIBB</subfield>
    <subfield code="p">3228200056032</subfield>
    <subfield code="r">2025-10-14</subfield>
    <subfield code="w">2025-10-14</subfield>
    <subfield code="y">BOOK</subfield>
  </datafield>
  <datafield tag="952" ind1=" " ind2=" ">
    <subfield code="0">0</subfield>
    <subfield code="1">0</subfield>
    <subfield code="2">ddc</subfield>
    <subfield code="4">0</subfield>
    <subfield code="7">0</subfield>
    <subfield code="8">600</subfield>
    <subfield code="a">MBOMRL</subfield>
    <subfield code="b">MASOL</subfield>
    <subfield code="c">Non_Fiction</subfield>
    <subfield code="d">2025-10-15</subfield>
    <subfield code="g">145.20</subfield>
    <subfield code="o">J 630 HIBB</subfield>
    <subfield code="p">3228200052026</subfield>
    <subfield code="r">2025-10-15</subfield>
    <subfield code="w">2025-10-15</subfield>
    <subfield code="y">BOOK</subfield>
  </datafield>
  <datafield tag="952" ind1=" " ind2=" ">
    <subfield code="0">0</subfield>
    <subfield code="1">0</subfield>
    <subfield code="2">ddc</subfield>
    <subfield code="4">0</subfield>
    <subfield code="7">0</subfield>
    <subfield code="a">LYDEL</subfield>
    <subfield code="b">SIMIL</subfield>
    <subfield code="d">2025-10-16</subfield>
    <subfield code="l">0</subfield>
    <subfield code="o">J 630 HIBB</subfield>
    <subfield code="p">3322803184860</subfield>
    <subfield code="r">2025-10-16</subfield>
    <subfield code="w">2025-10-16</subfield>
    <subfield code="y">BOOK</subfield>
  </datafield>
  <datafield tag="952" ind1=" " ind2=" ">
    <subfield code="0">0</subfield>
    <subfield code="1">0</subfield>
    <subfield code="2">ddc</subfield>
    <subfield code="4">0</subfield>
    <subfield code="7">0</subfield>
    <subfield code="8">600</subfield>
    <subfield code="a">MBOMRL</subfield>
    <subfield code="b">HAZYL</subfield>
    <subfield code="c">GEN</subfield>
    <subfield code="d">2025-11-06</subfield>
    <subfield code="g">145.20</subfield>
    <subfield code="o">J 630 HIBB</subfield>
    <subfield code="p">3228200043587</subfield>
    <subfield code="r">2025-11-06</subfield>
    <subfield code="w">2025-11-06</subfield>
    <subfield code="y">BOOK</subfield>
  </datafield>
  <datafield tag="952" ind1=" " ind2=" ">
    <subfield code="0">0</subfield>
    <subfield code="1">0</subfield>
    <subfield code="2">ddc</subfield>
    <subfield code="4">0</subfield>
    <subfield code="7">0</subfield>
    <subfield code="8">600</subfield>
    <subfield code="a">MBOMRL</subfield>
    <subfield code="b">HAZYL</subfield>
    <subfield code="c">GEN</subfield>
    <subfield code="d">2025-11-06</subfield>
    <subfield code="g">145.20</subfield>
    <subfield code="o">J 630 HIBB</subfield>
    <subfield code="p">3228200043625</subfield>
    <subfield code="r">2025-11-06</subfield>
    <subfield code="w">2025-11-06</subfield>
    <subfield code="y">BOOK</subfield>
  </datafield>
  <datafield tag="952" ind1=" " ind2=" ">
    <subfield code="0">0</subfield>
    <subfield code="1">0</subfield>
    <subfield code="2">ddc</subfield>
    <subfield code="4">0</subfield>
    <subfield code="7">0</subfield>
    <subfield code="8">600</subfield>
    <subfield code="a">MBOMRL</subfield>
    <subfield code="b">KABOL</subfield>
    <subfield code="c">Non_Fiction</subfield>
    <subfield code="d">2025-11-14</subfield>
    <subfield code="g">145.20</subfield>
    <subfield code="o">J 630 HIBB</subfield>
    <subfield code="p">3228200051803</subfield>
    <subfield code="r">2025-11-14</subfield>
    <subfield code="w">2025-11-14</subfield>
    <subfield code="y">BOOK</subfield>
  </datafield>
  <datafield tag="952" ind1=" " ind2=" ">
    <subfield code="0">0</subfield>
    <subfield code="1">0</subfield>
    <subfield code="2">ddc</subfield>
    <subfield code="4">0</subfield>
    <subfield code="7">0</subfield>
    <subfield code="8">600</subfield>
    <subfield code="a">MBOMRL</subfield>
    <subfield code="b">KABOL</subfield>
    <subfield code="c">GEN</subfield>
    <subfield code="d">2025-11-14</subfield>
    <subfield code="g">145.20</subfield>
    <subfield code="o">J 630 HIBB</subfield>
    <subfield code="p">3228200051797</subfield>
    <subfield code="r">2025-11-14</subfield>
    <subfield code="w">2025-11-14</subfield>
    <subfield code="y">BOOK</subfield>
  </datafield>
  <datafield tag="952" ind1=" " ind2=" ">
    <subfield code="0">0</subfield>
    <subfield code="1">0</subfield>
    <subfield code="2">ddc</subfield>
    <subfield code="4">0</subfield>
    <subfield code="7">0</subfield>
    <subfield code="8">F</subfield>
    <subfield code="a">LYDEL</subfield>
    <subfield code="b">MASHL</subfield>
    <subfield code="c">CHILD</subfield>
    <subfield code="d">2026-02-02</subfield>
    <subfield code="l">0</subfield>
    <subfield code="o">J 630 HIBB</subfield>
    <subfield code="p">3228200024988</subfield>
    <subfield code="r">2026-02-02</subfield>
    <subfield code="w">2026-02-02</subfield>
    <subfield code="y">BOOK</subfield>
  </datafield>
  <datafield tag="952" ind1=" " ind2=" ">
    <subfield code="0">0</subfield>
    <subfield code="1">0</subfield>
    <subfield code="2">ddc</subfield>
    <subfield code="4">0</subfield>
    <subfield code="7">0</subfield>
    <subfield code="a">LYDEL</subfield>
    <subfield code="b">GRASL</subfield>
    <subfield code="d">2026-05-08</subfield>
    <subfield code="l">0</subfield>
    <subfield code="o">J 630 HIBB</subfield>
    <subfield code="p">3228200075660</subfield>
    <subfield code="r">2026-05-08</subfield>
    <subfield code="w">2026-05-08</subfield>
    <subfield code="y">BOOK</subfield>
  </datafield>
  <datafield tag="952" ind1=" " ind2=" ">
    <subfield code="0">0</subfield>
    <subfield code="1">0</subfield>
    <subfield code="2">ddc</subfield>
    <subfield code="4">0</subfield>
    <subfield code="7">0</subfield>
    <subfield code="a">LYDBL</subfield>
    <subfield code="b">LYDBL</subfield>
    <subfield code="d">2026-05-11</subfield>
    <subfield code="l">0</subfield>
    <subfield code="o">J 630 HIBB</subfield>
    <subfield code="p">3322803183280</subfield>
    <subfield code="r">2026-05-11</subfield>
    <subfield code="w">2026-05-11</subfield>
    <subfield code="y">BOOK</subfield>
  </datafield>
  <datafield tag="952" ind1=" " ind2=" ">
    <subfield code="0">0</subfield>
    <subfield code="1">0</subfield>
    <subfield code="2">ddc</subfield>
    <subfield code="4">0</subfield>
    <subfield code="7">0</subfield>
    <subfield code="a">LYDEL</subfield>
    <subfield code="b">SHATL</subfield>
    <subfield code="d">2026-06-25</subfield>
    <subfield code="l">0</subfield>
    <subfield code="o">J 630 HIBB</subfield>
    <subfield code="p">3322803183414</subfield>
    <subfield code="r">2026-06-25</subfield>
    <subfield code="w">2026-06-25</subfield>
    <subfield code="y">BOOK</subfield>
  </datafield>
</record>
